00629nam a2200193Ia 4500008004100000020001500041082001500056100001700071245003900088250000700127260003400134300002900168500001900197600002100216650005000237942000700287952012600294999001500420240925s9999 xx 000 0 und d a8176352683 a005.72 NOR aNorth, Simon 0aSams Teach Yourself XML in 21 days aNA aNew Delhi:bTechmediac,2002. axxiv,733p.bNAfOriginal aIncludes Index aComputer Science aComputer science, information & general works cBK 001040708CSaUITUbUITUd2003-01-04eVanguard Booksg236.52l0o005.72 NORpQ5004r2024-09-25 07:13:42w2024-09-25yBK c7503d7503